000 00328pab a2200145 454500
008 180718b1985 xxu||||| |||| 00| 0 eng d
100 _aDesai, M.V.
245 _aBending media to ends of education
260 _c1985
300 _a21-3
362 _a26 Oct.
650 _aMass Media
773 _aMainstream
909 _a13293
999 _c13293
_d13293